000 00984cam a2200301 a 4500
999 _c45127
_d45127
001 15972239
005 20181219140848.0
008 921002s1993 maua b 001 0 eng
010 _a92037342
020 _a0674953738
020 _a067495372X
040 _aDLC
_cDLC
_dDLC
100 1 _aVaillant, George E.,
_d1934-
245 1 4 _aThe wisdom of the ego /
_cGeorge E. Vaillant.
260 _aCambridge, Mass. :
_bHarvard University Press,
_c1993.
300 _a394 p. :
_bill. ;
_c24 cm.
336 _atext
337 _aunmediated
338 _avolume
504 _aIncludes bibliographical references (p. [365]-382) and index.
650 0 _aResilience (Personality trait)
_xCase studies.
650 0 _aAdjustment (Psychology)
_xCase studies.
650 0 _aMaturation (Psychology)
_xCase studies.
650 0 _aCreative ability
_xCase studies.
650 0 _aSelf-deception
_xCase studies.
650 0 _aDefense mechanisms (Psychology)
_xCase studies.
942 _2lcc
_cBK